000 00219nam a2200097Ia 4500
008 230508s1986 xx 000 0 und d
041 _aeng
100 _aRAMAMRUTHAM S.
245 _aTHEORY OF STRUCTURE.
260 _c1986
999 _c315912
_d315912